000 00537nam a2200193Ia 4500
005 20250508154633.0
008 008 250505s9999 xx 000 0 eng d
037 _aTextual
040 _aFEDL
_beng
_cFEDL
041 _aeng
_2eng
084 _a370.96, GRE
_qFEDL
100 _aGreenough Richard
245 0 _aAfrica prospect : Progress in education
260 _aParis, France
_bUNESCO
_c1966
300 _a111p
650 _aEducation - Africa
_9620002
942 _cTEXL
_h370.96, GRE
999 _c1351352
_d1351352